000 00521nam a2200181Ia 4500
003 OSt
005 20220323063646.0
008 211109s9999||||xx |||||||||||||| ||und||
040 _csbcl
082 _a894.8124
_bMAN-E
100 _aManikkathanar,
245 0 _aEcclesiasticus Prasngikan
260 _bNATIONAL BOOKSTALL
_aKottayam
_c1928
300 _a200p.
630 _xGeneral Stack
650 _aLiteratures of other languages
_vAltaic, Uralic, Hyperborean & DravidianMalayalam Literature
_xGeneralia
942 _cBOOK
999 _c5373
_d5373